Mentalités médiévales : Tome 1 - XIe-XVe siècle (notice n° 1958322)
[ vue normale ]
| 000 -LEADER | |
|---|---|
| fixed length control field | 00947cam a2200133 4500500 |
| 005 - DATE AND TIME OF LATEST TRANSACTION | |
| control field | 20260329033117.0 |
| 041 ## - LANGUAGE CODE | |
| Language code of text/sound track or separate title | fre |
| 042 ## - AUTHENTICATION CODE | |
| Authentication code | dc |
| 100 10 - MAIN ENTRY--PERSONAL NAME | |
| Personal name | Martin, Hervé |
| Relator term | author |
| 245 00 - TITLE STATEMENT | |
| Title | Mentalités médiévales : Tome 1 - XIe-XVe siècle |
| 260 ## - PUBLICATION, DISTRIBUTION, ETC. | |
| Name of publisher, distributor, etc. | Presses Universitaires de France,<br/> |
| Date of publication, distribution, etc. | 1998.<br/> |
| 520 ## - SUMMARY, ETC. | |
| Summary, etc. | A partir d’approches utilisant le quantitatif, la linguistique appliquée, la sémiologie de l’image, l’étude des représentations collectives permet de cerner la notion de mentalités médiévales. Celles-ci s’expriment dans l’espace, le temps, l’analogie, les symboles et le merveilleux, dans les différentes couches sociales. Des aspects négatifs existent, la condition subordonnée des femmes, le rejet des Juifs, la haine de l’étranger, la marginalisation des pauvres. |
| 856 41 - ELECTRONIC LOCATION AND ACCESS | |
| Uniform Resource Identifier | <a href="https://shs.cairn.info/mentalites-medievales-xie-xve-siecle-tome-1--9782130476788?lang=fr&redirect-ssocas=7080">https://shs.cairn.info/mentalites-medievales-xie-xve-siecle-tome-1--9782130476788?lang=fr&redirect-ssocas=7080</a> |
Pas d'exemplaire disponible.




Réseaux sociaux